000 00925cam a22002534a 4500
999 _c7596
_d7596
003 OSt
005 20200316163704.0
008 200316b ||||| |||| 00| 0 eng d
020 _a1568983263 (pbk.)
040 _aDLC
_cDLC
_dDLC
082 0 0 _a711.409
_221
_bGAN
100 1 _aGandelsonas, Mario,
_d1938-
245 1 0 _aShanghai reflections :
_barchitecture, urbanism and the search for an alternative modernity : essays /
_cby Mario Gandelsonas, Ackbar Abbas, and M. Christine Boyer ; edited by Mario Gandelsonas.
250 _a1st ed.
260 _aNew York :
_bPrinceton Architectural Press,
_cc2002.
300 _a217 p. :
_bill. (some col.) ;
_c24 cm.
440 0 _aPrinceton papers on architecture ;
_v3
650 0 _aArchitecture
_zChina
_zShanghai.
650 0 _aCity planning
_zChina
_zShanghai.
651 0 _aShanghai (China)
700 1 _aAbbas, M. A.
_q(M. Ackbar)
700 1 _aBoyer, M. Christine.
942 _2ddc